000 00334nam a2200145Ia 4500
008 191201s2007 xx 000 0 und d
082 _a338.5
_bPUM
100 _aPURI ,V. K
245 0 _aMacroeconomic
250 _a2nd
260 _aN. delhi
_bHimala Publication House
_c2007
300 _a312
650 _aBBA
942 _2ddc
_cBK
_04
999 _c4877
_d4877